000 01108nam a2200217 u 4500
001 000565091
003 AM-YeHGA
005 20250617140530.0
008 080130s1979 ru |||||r|||||000|0|rus d
040 _aAM-YeHGA
041 0 _arus
245 0 0 _aМатематическое моделирование и экспериментальное исследование процессов тепло- и массопереноса :
_b(сборник научных трудов) /
_cОтв. ред. Э.А. Бондарев; Сибирское отд-ние АН СССР, Ин-т физико-технических проблем Севера.
260 _aЯкутск :
_bЯкутский филиал СО АН СССР,
_c1979.
300 _a137 с.
650 1 4 _aПрикладная математика
653 1 _aтеплообмен
700 1 _aБондарев, Э.А.
_eред.
_4edt
710 2 _aСибирское отделение Академии Наук СССР
710 2 _aИнститут физико-технических проблем Севера
090 _c223241
999 _c221707
_d221707